| 000 | 00527nam a2200205Ia 4500 | ||
|---|---|---|---|
| 008 | 220216s9999 xx 000 0 und d | ||
| 100 | _aHuasun Huang | ||
| 245 | 0 | _aSelection and breeding of a moderate scale clone SCATC 7-33-97 | |
| 260 |
_bChinese Journal of Tropical Crops _c1994 |
||
| 300 | _a6 | ||
| 650 | _aBreeding | ||
| 650 | _aFine clone | ||
| 650 | _aHevea brasiliensis | ||
| 650 | _aSelection | ||
| 650 | _aYield | ||
| 700 | _aDeshun Li | ||
| 700 | _aMaohuan Liang | ||
| 700 | _aYuntong Wu | ||
| 942 | _cJS | ||
| 999 |
_c68552 _d68552 |
||